000 00487nam a22001697a 4500
005 20251108164151.0
008 250721s1988 xx 000 0 ara d
082 1 4 _a218,8/سعي
100 1 _aالسعيد، عبد الله عبد الرازق مسعود
245 1 0 _aرسالة المساجد /
264 1 _aعمان :
_bدار الضياء،
_c1988.
300 _a97ص
650 1 7 _aالوعظ و الإرشاد
650 1 7 _aالمساجد
942 _2ddc
_cBK
999 _c5308
_d5308